Dr. S. R. Lasker Library Online Catalogue

Home      Library Home      Institutional Repository      E-Resources      MyAthens      EWU Home

Managing economic liberalisation in South Asia : (Record no. 4065)

MARC details
000 -LEADER
fixed length control field 01594cam a2200361 a 4500
001 - CONTROL NUMBER
control field 4065
003 - CONTROL NUMBER IDENTIFIER
control field BD-DhEWU
005 - DATE AND TIME OF LATEST TRANSACTION
control field 20190304160448.0
008 - FIXED-LENGTH DATA ELEMENTS--GENERAL INFORMATION
fixed length control field 990225s1998 ii b 101 0 eng
025 ## - OVERSEAS ACQUISITION NUMBER
Overseas acquisition number I-E-98-917759; 79-08
035 ## - SYSTEM CONTROL NUMBER
System control number 45618528 (OCoLC)
040 ## - CATALOGING SOURCE
Original cataloging agency DLC
Transcribing agency DLC
Modifying agency DLC
Language of cataloging eng
041 ## - LANGUAGE CODE
Language code of text/sound track or separate title eng
050 00 - LIBRARY OF CONGRESS CALL NUMBER
Classification number HC430.6
Item number .M37 1998
082 ## - DEWEY DECIMAL CLASSIFICATION NUMBER
Edition number 22
Classification number 338.009
Item number MAN 1998
245 00 - TITLE STATEMENT
Title Managing economic liberalisation in South Asia :
Remainder of title directions for the 21st century /
Statement of responsibility, etc edited by C. Jayachandran, N. Balasubramanian, S.M. Dastagir.
260 ## - PUBLICATION, DISTRIBUTION, ETC. (IMPRINT)
Place of publication, distribution, etc New Delhi :
Name of publisher, distributor, etc Macmillan India,
Date of publication, distribution, etc c1998.
300 ## - PHYSICAL DESCRIPTION
Extent xii, 808 p. :
Dimensions 25 cm.
504 ## - BIBLIOGRAPHY, ETC. NOTE
Bibliography, etc Includes bibliographical references and index.
520 ## - SUMMARY, ETC.
Summary, etc Contributed articles presented at the South Asia Conference Managing Economic Liberalisation in South Asia: Directions for the 21st Century, Chennai, India, August 10-13, 1998.
526 ## - STUDY PROGRAM INFORMATION NOTE
Program name Economics
590 ## - LOCAL NOTE (RLIN)
Local note Shaharima Parvin
650 #0 - SUBJECT ADDED ENTRY--TOPICAL TERM
Topical term or geographic name as entry element Liberalism
Geographic subdivision South Asia
Form subdivision Congresses.
9 (RLIN) 5833
651 #0 - SUBJECT ADDED ENTRY--GEOGRAPHIC NAME
Geographic name South Asia
General subdivision Economic policy
Form subdivision Congresses.
9 (RLIN) 5834
700 1# - ADDED ENTRY--PERSONAL NAME
Personal name Jayachandran, C.
9 (RLIN) 5835
Personal name Balasubramanian, N.
9 (RLIN) 5836
Personal name Dastagir, S. M.
9 (RLIN) 5837
711 2# - ADDED ENTRY--MEETING NAME
Meeting name or jurisdiction name as entry element South Asia Conference Managing Economic Liberalisation in South Asia: Directions for the 21st Century
Date of meeting (1998 :
Location of meeting Chennai, India)
9 (RLIN) 5838
856 42 - ELECTRONIC LOCATION AND ACCESS
Materials specified WorldCat details
Uniform Resource Identifier http://www.worldcat.org/title/managing-economic-liberalisation-in-south-asia-directions-for-the-21st-century/oclc/45618528&referer=brief_results
942 ## - ADDED ENTRY ELEMENTS (KOHA)
Source of classification or shelving scheme Dewey Decimal Classification
Koha item type Text
Holdings
Withdrawn status Lost status Source of classification or shelving scheme Damaged status Not for loan Collection code Home library Current library Shelving location Date acquired Source of acquisition Cost, normal purchase price Total Checkouts Full call number Barcode Copy number Koha item type
    Dewey Decimal Classification   Not For Loan Non-fiction Dr. S. R. Lasker Library, EWU Dr. S. R. Lasker Library, EWU Reserve Section 19/05/2005 Karim International 1059.00   338.009 MAN 1998 15221 C-1 Text